<?xml version="1.0" encoding="UTF-8"?>
<record
    xmlns:xsi="http://www.w3.org/2001/XMLSchema-instance"
    xsi:schemaLocation="http://www.loc.gov/MARC21/slim http://www.loc.gov/standards/marcxml/schema/MARC21slim.xsd"
    xmlns="http://www.loc.gov/MARC21/slim">

  <leader>03709    a2200253   4500</leader>
  <controlfield tag="003">OSt</controlfield>
  <controlfield tag="005">20180116192335.0</controlfield>
  <controlfield tag="008">120301t        xxu||||| |||| 00| 0 eng d</controlfield>
  <datafield tag="010" ind1=" " ind2=" ">
    <subfield code="a">2006034835</subfield>
  </datafield>
  <datafield tag="020" ind1=" " ind2=" ">
    <subfield code="a">9780807615799 (hardback)</subfield>
  </datafield>
  <datafield tag="020" ind1=" " ind2=" ">
    <subfield code="a">9780807615805 (pbk.)</subfield>
  </datafield>
  <datafield tag="040" ind1=" " ind2=" ">
    <subfield code="c">0</subfield>
  </datafield>
  <datafield tag="082" ind1="0" ind2="0">
    <subfield code="a">720</subfield>
  </datafield>
  <datafield tag="245" ind1="0" ind2="4">
    <subfield code="a">The architecture reader :</subfield>
    <subfield code="b">essential writings from Vitruvius to the present /</subfield>
    <subfield code="c">edited by A. Krista Sykes.</subfield>
  </datafield>
  <datafield tag="260" ind1=" " ind2=" ">
    <subfield code="a">New York :</subfield>
    <subfield code="b">G. Braziller,</subfield>
    <subfield code="c">2007.</subfield>
  </datafield>
  <datafield tag="300" ind1=" " ind2=" ">
    <subfield code="a">333p.:</subfield>
    <subfield code="b">ill;.</subfield>
    <subfield code="c">23cm</subfield>
  </datafield>
  <datafield tag="505" ind1=" " ind2=" ">
    <subfield code="a">TABLE OF CONTENTS Vitruvius,-- from The Ten Books on Architecture,-- circa 25 BCE Abbot Suger of Saint-Denis,-- from The Book of Suger,-- Abbot of St.-Denis, -- On What Was Done Under His Administration and The Other Little Book on the Consecration of the Church of St. --Denis, 1144-1149 -- Leon Battista Alberti, --from On the Art of Building in Ten Books,-- 1486  Andrea Palladio, --from The Four Books on Architecture, --1570 Claude Perrault,-- from Ordonnance for the Five Kinds of Columns After the Method of the Ancients,-- 1683 Etienne-Louis Boull&#xC2;&#xBF;e,-- from Architecture, --Essay on Art,-- 1770-1784 Eug&#xC2;&#xBF;ne Emmanuel Viollet-le-Duc,-- "Style,"-- in Dictionaire raisonn&#xC2;&#xBF;,-- 1854-68  Louis Sullivan,-- "The Tall Office Building Artistically Considered," --1896 Frank Lloyd Wright,-- "In the Cause of Architecture," --1908 Adolf Loos, --"Ornament and Crime," --1908  Antonio Sant'Elia,-- "Manifesto of Futurist Architecture,--" 1914 Geoffrey Scott, --from The Architecture of Humanism, --1914 Le Corbusier,-- from Towards a New Architecture, --1923 Le Corbusier and Pierre Jeanneret, --"Five Points towards a New Architecture,--" 1926 Walter Gropius,-- "Principles of Bauhaus Production,--" 1926 Henry-Russell Hitchcock and Philip Johnson,-- from The International Style: ---Architecture since 1922, 1932 R. Buckminster Fuller,-- "Designing a New Industry," --1946 Philip Johnson,-- "The Seven Crutches of Modern Architecture,--" 1955 Louis Kahn,-- "Form and Design,--" 1961 Aldo van Eyck, Untitled Thoughts on Place and Occasion, --1962 Peter Cook and Warren Chalk, editorial from Archigram 3,-- 1963 Robert Venturi,-- from Complexity and Contradiction in Architecture, 1966 Aldo Rossi, --from The Architecture of the City, 1966 Denise Scott Brown, --"Learning from Pop," --1971 Hassan Fathy, from Architecture for the Poor,-- 1973 Peter Eisenman, --"Post-Functionalism,"-- 1976 Charles Jencks,-- "Why Post-Modernism?" --1978 Demetri Porphyrios, "Classicism is not a Style,--" 1983 Juhani Pallasmaa,-- "The Geometry of Feeling:-- The Phenomenology of Architecture,--" 1985 Bernard Tschumi, "De -, Dis -, Ex -," 1989  Rem Koolhaas, --"Bigness or the Problem of Large,--" 1993 Daniel Libeskind, --"Proof of Things Invisible,--" 1997 Greg Lynn, from Animate Form,-- 1999  Norman Foster, --"The Architecture of the Future,--" 1999 Samuel Mockbee,-- interview by Andrea Oppenheimer Dean,-- "The Hero of Hale County,--" 2001  William McDonough and Michael Braungart, --"This Book is Not a Tree,--" in Cradle to Cradle, --2002  Andr&#xC2;&#xBF;s Duany,-- "General Agreement on Architecture and Related Matters,--" 2003 Frank Gehry, --"Architecture and Intuition,--" 2003 Sarah Whiting, "Going Public,--" 2003 Shumon Basar,-- "The Poisonous Mixture,--" 2004   Library of Congress Subject Headings for this publication:--  Architecture.-- Architectural criticism.--</subfield>
  </datafield>
  <datafield tag="650" ind1=" " ind2="0">
    <subfield code="a">Architecture.</subfield>
    <subfield code="9">545</subfield>
  </datafield>
  <datafield tag="650" ind1=" " ind2="0">
    <subfield code="a">Architectural criticism.</subfield>
    <subfield code="9">546</subfield>
  </datafield>
  <datafield tag="700" ind1="1" ind2=" ">
    <subfield code="a">Sykes, A. Krista.</subfield>
    <subfield code="9">547</subfield>
  </datafield>
  <datafield tag="856" ind1="4" ind2="1">
    <subfield code="3">Table of contents only</subfield>
    <subfield code="u">http://www.loc.gov/catdir/toc/ecip073/2006034835.html</subfield>
  </datafield>
  <datafield tag="942" ind1=" " ind2=" ">
    <subfield code="a">SADA</subfield>
    <subfield code="c">BK</subfield>
    <subfield code="k">720 ARC 2007</subfield>
    <subfield code="2">ddc</subfield>
  </datafield>
  <datafield tag="999" ind1=" " ind2=" ">
    <subfield code="c">352448</subfield>
    <subfield code="d">352448</subfield>
  </datafield>
  <datafield tag="952" ind1=" " ind2=" ">
    <subfield code="0">0</subfield>
    <subfield code="1">0</subfield>
    <subfield code="2">ddc</subfield>
    <subfield code="4">0</subfield>
    <subfield code="7">0</subfield>
    <subfield code="a">SADA</subfield>
    <subfield code="b">SADA</subfield>
    <subfield code="d">2010-09-29</subfield>
    <subfield code="l">12</subfield>
    <subfield code="m">5</subfield>
    <subfield code="o">720 ARC 2007</subfield>
    <subfield code="p">SADA0000247</subfield>
    <subfield code="r">2016-02-03</subfield>
    <subfield code="s">2016-01-15</subfield>
    <subfield code="v">1815.00</subfield>
    <subfield code="w">2011-08-05</subfield>
    <subfield code="y">BK</subfield>
  </datafield>
</record>
